| 000 | 00807cam a22002533a 4500 | ||
|---|---|---|---|
| 001 | 18654 | ||
| 003 | PGUSA | ||
| 005 | 20140828083410.0 | ||
| 008 | 060622s2006||||xxu|||||s|||||000 1 eng d | ||
| 040 |
_aPGUSA _beng |
||
| 042 | _adc | ||
| 050 | 4 | _aPZ | |
| 100 | 1 |
_aStockton, Frank Richard, _d1834-1902 |
|
| 245 | 1 | 0 |
_aWhat Might Have Been Expected _h[electronic resource] / _cFrank Richard Stockton |
| 260 |
_bProject Gutenberg, _c2006 |
||
| 506 | _aPublic domain in the USA. | ||
| 516 | _aElectronic text | ||
| 653 | _aAfrican Americans -- Juvenile fiction | ||
| 653 | _aOld age -- Juvenile fiction | ||
| 653 | _aUnited States -- Social life and customs -- 19th century -- Juvenile fiction | ||
| 830 | 0 |
_aProject Gutenberg _v18654 |
|
| 856 | 4 | 0 | _uhttp://www.gutenberg.org/ebooks/18654 |
| 942 | _cEB | ||
| 999 |
_c247909 _d247909 |
||